Marketing univerzity

Význam marketingu v oblasti vysokoškolského vzdelávania. Medzinárodný trh v oblasti vzdelávania. Bolonská deklarácia - jednotný európsky systém vzdelávania a uznávania vysokoškolského titulu.

Gespeichert in:
Bibliographische Detailangaben
1. Verfasser: Kováčiková, Ivana
Format: Buchkapitel
Sprache:Slowakisch
Schlagworte:
Tags: Tag hinzufügen
Keine Tags, Fügen Sie das erste Tag hinzu!

MARC

LEADER 00000naa$a2200000$$$4500
001 0073501
005 20240502071855.8
041 0 |a slo 
044 |a SK 
245 1 0 |a Marketing univerzity  |c Ivana Kováčiková 
520 |a Význam marketingu v oblasti vysokoškolského vzdelávania. Medzinárodný trh v oblasti vzdelávania. Bolonská deklarácia - jednotný európsky systém vzdelávania a uznávania vysokoškolského titulu. 
610 2 0 |a vzdelávanie vysokoškolské 
610 2 0 |a univerzity 
610 2 0 |a školy vysoké 
610 2 0 |a marketing 
610 2 0 |a kvalita 
610 2 0 |a konkurencia 
610 2 0 |a štúdium v zahraničí 
610 2 0 |a študenti 
610 2 0 |a dokumenty 
100 1 |a Kováčiková, Ivana